Vincitori Festival di Sanremo - Statistics

Statistiche generali
  • Questo quiz è stato fatto 127 volte
    30 dall'ultimo reset
  • Il punteggio medio è 47 su 102
Statistiche sulle risposte
Anno Cantante Titolo Canzone % Corretto
2012 Emma Non è l'inferno
100%
2017 Francesco Gabbani Occidentali's Karma
100%
2015 Il Volo Grande amore
100%
2022 Mahmood Brividi
100%
2019 Mahmood Soldi
100%
2025 Olly Balorda nostalgia
100%
2024 Angelina Mango La noia
93%
2018 Ermal Meta Non mi avete fatto niente
93%
2021 Måneskin Zitti e buoni
93%
2023 Marco Mengoni Due vite
93%
2013 Marco Mengoni L'essenziale
93%
2026 Sal da Vinci Per sempre si
93%
2014 Arisa Controvento
86%
Blanco
86%
2020 Diodato Fai rumore
86%
1966 Domenico Modugno Dio come ti amo
86%
1962 Domenico Modugno Addio... addio
86%
1959 Domenico Modugno Piove (ciao ciao bambina)
86%
1958 Domenico Modugno Nel blu dipinto di blu
86%
Fabrizio Moro
86%
2005 Francesco Renga Angelo
86%
1995 Giorgia Come saprei
86%
1988 Massimo Ranieri Perdere l'amore
86%
2001 Elisa Luce (tramonti a nord est)
79%
2007 Simone Cristicchi Ti regalerò una rosa
79%
1987 Gianni Morandi Si può dare di più
71%
1974 Iva Zanicchi Ciao cara come stai?
71%
Iva Zanicchi
71%
Iva Zanicchi
71%
1985 Ricchi e Poveri Se m'innamoro
71%
2011 Roberto Vecchioni Chiamami ancora amore
71%
1984 Al Bano Ci sarà
64%
1993 Enrico Ruggeri Mistero
64%
Enrico Ruggeri
64%
2016 Stadio Un giorno mi dirai
64%
Umberto Tozzi
64%
1986 Eros Ramazzotti Adesso tu
57%
2004 Marco Masini L'uomo volante
57%
1997 Jalisse Fiumi di parole
50%
2009 Marco Carta La forza mia
50%
1990 Pooh Uomini soli
50%
1991 Riccardo Cocciante Se stiamo insieme
50%
2010 Valerio Scanu Per tutte le volte che...
50%
1999 Anna Oxa Senza pietà
43%
1989 Anna Oxa Ti lascerò
43%
1967 Claudio Villa Non pensare a me
43%
Claudio Villa
43%
1957 Claudio Villa Corde della mia chitarra
43%
1955 Claudio Villa Buongiorno tristezza
43%
2002 Matia Bazar Messaggio d'amore
43%
1952 Nilla Pizzi Vola colomba
43%
1951 Nilla Pizzi Grazie dei fiori
43%
2006 Povia Vorrei avere il becco
43%
Romina Power
43%
1970 Adriano Celentano Chi non lavora non fa l'amore
36%
2003 Alexia Per dire di no
36%
Gigliola Cinquetti
36%
1964 Gigliola Cinquetti Non ho l'età (per amarti)
36%
1992 Luca Barbarossa Portami a ballare
36%
1971 Nada Il cuore è uno zingaro
36%
1972 Nicola Di Bari I giorni dell'arcobaleno
36%
Nicola Di Bari
36%
1982 Riccardo Fogli Storie di tutti i giorni
36%
1996 Ron Vorrei incontrarti fra cent'anni
36%
1980 Toto Cutugno Solo noi
36%
1981 Alice Per Elisa
29%
1969 Bobby Solo Zingara
29%
1965 Bobby Solo Se piangi se ridi
29%
1978 Matia Bazar ...e dirsi ciao
29%
1960 Tony Dallara Romantica
29%
Tosca
29%
1998 Annalisa Minetti Senza te o con te
21%
Fausto Leali
21%
2008 Giò Di Tonno Colpo di fulmine
21%
1977 Homo Sapiens Bella da morire
21%
Lola Ponce
21%
1976 Peppino di Capri Non lo faccio più
21%
1973 Peppino di Capri Un grande amore e niente più
21%
2000 Piccola Orchestra Avion Travel Sentimento
21%
1994 Aleandro Baldi Passerà
14%
Claudia Mori
14%
Johnny Dorelli
14%
Johnny Dorelli
14%
1968 Sergio Endrigo Canzone per te
14%
1983 Tiziana Rivale Sarà quel che sarà
14%
1963 Tony Renis Uno per tutte
14%
Emilio Pericoli
7%
Flo Sandon's
7%
1956 Franca Raimondi Aprite le finestre
7%
1975 Gilda Ragazza del sud
7%
Gino Latilla
7%
1979 Mino Vergnaghi Amare
7%
Nunzio Gallo
7%
Renato Rascel
7%
Roberto Carlos
7%
1961 Betty Curtis Al di là
0%
1953 Carla Boni Viale d'autunno
0%
1954 Giorgio Consolini Tutte le mamme
0%
Luciano Tajoli
0%
Patricia Carli
0%
The New Christy Minstrels
0%
Tullio Pane
0%
Nessun quiz corrispondente trovato
Distribuzione punteggi
Percentuale di utenti per punteggio
Percentile per numero di risposta
I tuoi punteggi nel tempo
Non hai fatto questo quiz dall'ultimo reset